Predčasné starobné dôchodky od 15. mája 2024

Od 15. mája 2024 začali platiť nové podmienky nároku na predčasný starobný dôchodok. Príspevok je venovaný okrem podmienok nároku na predčasný dôchodok aj spôsobu výpočtu sumy tohto dôchodku.

Gespeichert in:
Bibliographische Detailangaben
1. Verfasser: Motyčková, Jana
Format: Buchkapitel
Sprache:Slowakisch
Schlagworte:
Tags: Tag hinzufügen
Keine Tags, Fügen Sie das erste Tag hinzu!

MARC

LEADER 00000naa a2200000 4500
001 0303541
005 20240812091754.5
041 0 |a slo 
044 |a SK 
245 1 0 |a Predčasné starobné dôchodky od 15. mája 2024  |c Jana Motyčková 
520 |a Od 15. mája 2024 začali platiť nové podmienky nároku na predčasný starobný dôchodok. Príspevok je venovaný okrem podmienok nároku na predčasný dôchodok aj spôsobu výpočtu sumy tohto dôchodku. 
610 2 0 |a dôchodky starobné 
610 2 0 |a poistenie dôchodkové 
610 2 0 |a poistenci 
610 2 0 |a vek dôchodkový 
610 2 0 |a poisťovne sociálne 
100 1 |a Motyčková, Jana